Robotic assistive technologies (Registro nro. 307563)

Detalles MARC
000 -ENCABEZADO
Número de control [NR] 01096cam a2200313Ki 4500
001 - NÚMERO DE CONTROL
control field ocn951949852
003 - IDENTIFICADOR DE CONTROL NÚMERO
control field Co-BoUCM
005 - FECHA Y HORA DE LA ÚLTIMA TRANSACCIÓN
control field 20200915100310.0
008 - DE LONGITUD FIJA DE DATOS DE ELEMENTOS - INFORMACIÓN GENERAL
Elementos de longitud fija [NR] 171130s2017 nyua b 001 0 eng d
020 ## - NUMERO INTERNACIONAL NORMALIZADO PARA LIBROS [R]
Número Internacional Normalizado del libro [NR] 9781498745727
020 ## - NUMERO INTERNACIONAL NORMALIZADO PARA LIBROS [R]
Número Internacional Normalizado del libro [NR] 1498745725
035 ## - NUMERO DE CONTROL DEL SISTEMA [R]
Número de control del sistema [NR] (OCoLC)951949852
Numero Cancelado/no válido [R] (OCoLC)951926543
040 ## - FUENTE DE CATALOGACION [NR]
Agencia de catalogación original [NR] Co-BoUCM
Idioma de catalogación [NR] spa
Quien Cataloga Saul Niño
Quien Clasifica Saul Niño
041 0# - CODIGO DE IDIOMA [R]
Código de idioma para texto/pista de sonido o título separado [R] Inglés
060 ## - SIGNATURA TOPOGRAFICA DE LA BIBLIOTECA NACIONAL DE MEDICINA (NLM) [R]
Número clasificador [R] WB 18
245 00 - MENCION DE TITULO [NR]
Título [NR] Robotic assistive technologies
Parte restante del título [NR] principles and practice
Mención de responsabilidad, etc. [NR] edited by Pedro Encarnação and Albert M. Cook
260 ## - PUBLICACION, DISTRIBUCION, ETC. (PIE DE IMPRENTA) [R]
Lugar de publicación, distribución, etc. [R] New York
Nombre del editor, distribuidor, etc. [R] CRC Press
Fecha de publicación, distribución, etc. [R] 2017
300 ## - DESCRIPCION FISICA [R]
Extensión [R] xv, 381 páginas
Otros detalles físicos [NR] ilustraciones
490 0# - MENCION DE SERIE [R]
Mención de serie [R] Rehabilitation science in practice series
650 #7 - ASIENTO SECUNDARIO DE MATERIA - TERMINO TEMATICO [R]
Término temático o nombre geográfico como elemento de entrada [NR] Robots
9 (RLIN) 23832
Subdivisión general [R] Medicina
650 #7 - ASIENTO SECUNDARIO DE MATERIA - TERMINO TEMATICO [R]
Término temático o nombre geográfico como elemento de entrada [NR] Robótica
9 (RLIN) 23831
Subdivisión general [R] Medicina
650 #7 - ASIENTO SECUNDARIO DE MATERIA - TERMINO TEMATICO [R]
Término temático o nombre geográfico como elemento de entrada [NR] Rehabilitación
9 (RLIN) 361
Subdivisión general [R] Metodos de simulación
650 #7 - ASIENTO SECUNDARIO DE MATERIA - TERMINO TEMATICO [R]
Término temático o nombre geográfico como elemento de entrada [NR] Medicina
9 (RLIN) 7820
Subdivisión general [R] Metodos de simulación
650 #7 - ASIENTO SECUNDARIO DE MATERIA - TERMINO TEMATICO [R]
Término temático o nombre geográfico como elemento de entrada [NR] Tecnología médica
9 (RLIN) 25142
700 ## - ASIENTO SECUNDARIO - NOMBRE PERSONAL [R]
Nombre personal [NR] Encarnação, Pedro
9 (RLIN) 89839
700 1# - ASIENTO SECUNDARIO - NOMBRE PERSONAL [R]
Nombre personal [NR] Cook, Albert M.
Fechas asociadas con el nombre [NR] 1943-
Término de relación [R] editor
9 (RLIN) 65121
942 ## - ELEMENTOS DE ENTRADA AGREGADOS (KOHA)
Sistema de clasificación NLM
Tema principal Medicina
Tipo de ítem principal el descrito en 300a Libro de reserva
Edición 1
Clasificación WB 18
Parte restante de la signatura top. R666a
Título oculto en OPAC No
Existencias
Fecha de último préstamo Total préstamos Total Renewals Signatura topográfica Código de barras Última vez visto Ejemplar Costo de reposición Price effective from Tipo de ítem Perdido Sistema de clasificación Dañado No prestable Tipo de ítem específico Suprimido Ubicación habitual Ubicación actual Localización Fecha de creación Proveedor Forma de adquisición Costo
06/10/2020 12 5 WB 18 R666a 100155655 12/12/2025 Ej.2 350000.00 17/11/2017 Libro   NLM     Libro   Quinta de Mutis Quinta de Mutis 1er piso 17/11/2017 26 Compra 350000.00
19/01/2024 3   WB 18 R666a 100153539 12/12/2025 Ej.1 332153.00 28/11/2017 Libro   NLM     Libro   Quinta de Mutis Quinta de Mutis 1er piso 28/11/2017 15 Compra 332153.00